<?xml version="1.0" encoding="UTF-8"?>
<record
    xmlns:xsi="http://www.w3.org/2001/XMLSchema-instance"
    xsi:schemaLocation="http://www.loc.gov/MARC21/slim http://www.loc.gov/standards/marcxml/schema/MARC21slim.xsd"
    xmlns="http://www.loc.gov/MARC21/slim">

  <leader>01265nam2a22002651  4500</leader>
  <controlfield tag="001">rc\924970</controlfield>
  <controlfield tag="005">20250612170507.0</controlfield>
  <datafield tag="035" ind1=" " ind2=" ">
    <subfield code="a">(NLR Aleph) 008742196</subfield>
  </datafield>
  <datafield tag="090" ind1=" " ind2=" ">
    <subfield code="a">9536494</subfield>
    <subfield code="c">9536494</subfield>
  </datafield>
  <datafield tag="100" ind1=" " ind2=" ">
    <subfield code="a">20041129d1982    |||y0rusy50      ca</subfield>
  </datafield>
  <datafield tag="101" ind1="1" ind2=" ">
    <subfield code="a">rus</subfield>
    <subfield code="c">eng</subfield>
  </datafield>
  <datafield tag="102" ind1=" " ind2=" ">
    <subfield code="a">RU</subfield>
  </datafield>
  <datafield tag="105" ind1=" " ind2=" ">
    <subfield code="a">a   |||||||||</subfield>
  </datafield>
  <datafield tag="200" ind1="1" ind2=" ">
    <subfield code="a">[&#x417;&#x432;&#x435;&#x440;&#x43E;&#x431;&#x43E;&#x439;, &#x438;&#x43B;&#x438; &#x41F;&#x435;&#x440;&#x432;&#x430;&#x44F; &#x442;&#x440;&#x43E;&#x43F;&#x430; &#x432;&#x43E;&#x439;&#x43D;&#x44B;</subfield>
    <subfield code="e">&#x420;&#x43E;&#x43C;&#x430;&#x43D;</subfield>
    <subfield code="f">&#x41F;&#x435;&#x440;. &#x422;. &#x413;&#x440;&#x438;&#x446;&#x430;]</subfield>
  </datafield>
  <datafield tag="210" ind1=" " ind2=" ">
    <subfield code="d">1982</subfield>
    <subfield code="a">&#x411;. &#x43C;.</subfield>
  </datafield>
  <datafield tag="215" ind1=" " ind2=" ">
    <subfield code="a">496 &#x441;., 4 &#x43B;. &#x446;&#x432;. &#x438;&#x43B;.</subfield>
    <subfield code="d">21</subfield>
  </datafield>
  <datafield tag="461" ind1=" " ind2="0">
    <subfield code="1">001rc\924964</subfield>
    <subfield code="1">2001#$a&#x421;&#x43E;&#x431;&#x440;&#x430;&#x43D;&#x438;&#x435; &#x441;&#x43E;&#x447;&#x438;&#x43D;&#x435;&#x43D;&#x438;&#x439;$e&#x412; 7 &#x442;.$e[&#x41F;&#x435;&#x440;&#x435;&#x432;&#x43E;&#x434;]$f&#x414;&#x436;&#x435;&#x439;&#x43C;&#x441; &#x424;&#x435;&#x43D;&#x438;&#x43C;&#x43E;&#x440; &#x41A;&#x443;&#x43F;&#x435;&#x440;$g[&#x421;&#x43E;&#x441;&#x442;., &#x43E;&#x431;&#x449;. &#x440;&#x435;&#x434;. &#x438; &#x432;&#x441;&#x442;&#x443;&#x43F;. &#x441;&#x442;. &#x421;. &#x418;&#x432;&#x430;&#x43D;&#x44C;&#x43A;&#x43E;$g&#x418;&#x43B;. &#x418;. &#x423;&#x448;&#x430;&#x43A;&#x43E;&#x432;&#x430;]$v&#x422;. 6</subfield>
    <subfield code="1">700#1$a&#x41A;&#x443;&#x43F;&#x435;&#x440;$b&#x414;.&#x424;.$g&#x414;&#x436;&#x435;&#x439;&#x43C;&#x441; &#x424;&#x435;&#x43D;&#x438;&#x43C;&#x43E;&#x440;$f1789-1851</subfield>
    <subfield code="9">7914244</subfield>
    <subfield code="a">&#x41A;&#x443;&#x43F;&#x435;&#x440;, &#x414;.&#x424;. (1789-1851)</subfield>
    <subfield code="c">&#x41C;.</subfield>
    <subfield code="d">1982-</subfield>
    <subfield code="f">&#x414;&#x436;&#x435;&#x439;&#x43C;&#x441; &#x424;&#x435;&#x43D;&#x438;&#x43C;&#x43E;&#x440; &#x41A;&#x443;&#x43F;&#x435;&#x440;</subfield>
    <subfield code="n">&#x41F;&#x440;&#x430;&#x432;&#x434;&#x430;</subfield>
    <subfield code="o">&#x412; 7 &#x442;. : [&#x41F;&#x435;&#x440;&#x435;&#x432;&#x43E;&#x434;]</subfield>
    <subfield code="t">&#x421;&#x43E;&#x431;&#x440;&#x430;&#x43D;&#x438;&#x435; &#x441;&#x43E;&#x447;&#x438;&#x43D;&#x435;&#x43D;&#x438;&#x439;</subfield>
    <subfield code="v">&#x422;. 6</subfield>
  </datafield>
  <datafield tag="517" ind1="0" ind2=" ">
    <subfield code="a">&#x417;&#x432;&#x435;&#x440;&#x43E;&#x431;&#x43E;&#x439;, &#x438;&#x43B;&#x438; &#x41F;&#x435;&#x440;&#x432;&#x430;&#x44F; &#x442;&#x440;&#x43E;&#x43F;&#x430; &#x432;&#x43E;&#x439;&#x43D;&#x44B;</subfield>
  </datafield>
  <datafield tag="517" ind1="0" ind2=" ">
    <subfield code="a">&#x41F;&#x435;&#x440;&#x432;&#x430;&#x44F; &#x442;&#x440;&#x43E;&#x43F;&#x430; &#x432;&#x43E;&#x439;&#x43D;&#x44B;</subfield>
  </datafield>
  <datafield tag="801" ind1=" " ind2="0">
    <subfield code="a">RU</subfield>
    <subfield code="b">NLR</subfield>
    <subfield code="g">psbo</subfield>
  </datafield>
  <datafield tag="801" ind1=" " ind2="1">
    <subfield code="a">RU</subfield>
    <subfield code="b">ELAR</subfield>
    <subfield code="2">rusmarc</subfield>
  </datafield>
  <datafield tag="801" ind1=" " ind2="2">
    <subfield code="a">RU</subfield>
    <subfield code="b">NLR</subfield>
    <subfield code="c">20050717</subfield>
    <subfield code="2">rusmarc</subfield>
  </datafield>
  <datafield tag="852" ind1=" " ind2=" ">
    <subfield code="a">NLR</subfield>
    <subfield code="j">83-3/1329</subfield>
  </datafield>
  <datafield tag="942" ind1=" " ind2=" ">
    <subfield code="c">BOOK</subfield>
  </datafield>
  <datafield tag="980" ind1=" " ind2=" ">
    <subfield code="a">NB</subfield>
  </datafield>
  <datafield tag="995" ind1=" " ind2=" ">
    <subfield code="5">2013-10-26</subfield>
    <subfield code="b">NLR01</subfield>
    <subfield code="c">NLR01</subfield>
    <subfield code="e">RF9</subfield>
    <subfield code="f">8742196-10</subfield>
    <subfield code="k">83-3/1329</subfield>
    <subfield code="o">0</subfield>
    <subfield code="r">BOOK</subfield>
    <subfield code="s">8331329_</subfield>
  </datafield>
  <datafield tag="995" ind1=" " ind2=" ">
    <subfield code="5">2014-04-22</subfield>
    <subfield code="a">az</subfield>
    <subfield code="b">NLR02</subfield>
    <subfield code="c">NLR02</subfield>
    <subfield code="e">NZ2</subfield>
    <subfield code="f">1-491113</subfield>
    <subfield code="k">&#x41D;&#x437;  &#x428;6(7&#x421;&#x428;&#x410;)/&#x41A;-921</subfield>
    <subfield code="o">0</subfield>
    <subfield code="r">BOOK</subfield>
    <subfield code="s">_67921</subfield>
  </datafield>
  <datafield tag="995" ind1=" " ind2=" ">
    <subfield code="5">2022-06-08</subfield>
    <subfield code="b">NLR01</subfield>
    <subfield code="c">NLR01</subfield>
    <subfield code="e">RF9</subfield>
    <subfield code="f">1-3582796</subfield>
    <subfield code="k">83-3/1329</subfield>
    <subfield code="o">0</subfield>
    <subfield code="r">BOOK</subfield>
    <subfield code="s">8331329_</subfield>
  </datafield>
</record>
